00501 2200169 4500245003300000020002200033250001100055100001800066650002000084005001900104260003900123041001400162084000800176300003000184500010800214336000900322 aEdensorcAndrea HiratahText a978-979-1227-02-5 aCet. 4 aAndrea Hirata aNovel Indonesia a20231002145132 aYogyakartabPenerbit Bentangc2007 aIndonesia a813 axii, 290 hlm. :c20.5 cm. aAku ingin mendaki puncak tantangan menerjang batu granit kesulitan dan memecahkan misteri dengan sains. atext